Prof. Dr. Semavi Eyice külliyatı 1 (Record no. 10776)
[ view plain ]
| 000 -BAŞLIK | |
|---|---|
| Sabit Uzunlukta Kontrol Alanı | 00992na a2200277 4500 |
| 001 - KONTROL NUMARASI | |
| Denetim Alanı | 24260 |
| 003 - KONTROL NUMARASI IDENTIFIER | |
| Denetim Alanı | MIRAKIL |
| 005 - SON İŞLEM TARİHİ VE ZAMANI | |
| Denetim Alanı | 20181213155333.0 |
| 008 - SABİT-BOY VERİ ELEMANLARI - GENEL BİLGİLER | |
| Sabit Uzunlukta Kontrol Alanı | 180903b tu 000 0 |
| 020 ## - ULUSLARARASI STANDART KİTAP NUMARASI | |
| Uluslararası Standart Kitap Numarası | 9789751631121 |
| 040 ## - KATALOGLAMA KAYNAK | |
| Orijinal Kataloglama Ajansı | Milas |
| Kataloglama Dili | tur |
| Metne Dönüştürmek Ajansı | TR-AnCHP |
| 041 ## - DİL KODU | |
| Metin / Ses Parça Veya Ayrı Başlığın Dil Kodu | tur |
| 082 ## - DEWEY ONLU SINIFLANDIRMA NUMARASI | |
| Sınıflandırma Numarası | 709.2 |
| Ürün Numarası | S35 2015 |
| 090 ## - SINIFLAMA NUMARASI | |
| Sınıflama Numarası | 709.2 S35 2015 |
| 245 ## - BAŞLIK TABLOSU | |
| Başlık | Prof. Dr. Semavi Eyice külliyatı 1 |
| Başlığın Kalan | Türk Tarih Kurumunda yayımlanmış çalışmaları |
| Sorumluluk Tablosu, Vb | derleyen Sema Doğan |
| 246 ## - UNVAN FORM VARYING | |
| Başlık Doğru / Kısa Başlığı | Türk Tarih Kurumunda yayımlanmış çalışmaları |
| 260 ## - YAYIN, DAĞITIM, VB | |
| Yayın, Dağıtım, Vb Yeri | Ankara |
| Yayıncı, Dağıtıcı, Vs Adı | Türk Tarih Kurumu |
| Yayın, Dağıtım, Vb Tarihi | 2015 |
| 300 ## - FİZİKSEL TANIM | |
| Kapsam | xiv, 1339 s. |
| Diğer Fiziksel Ayrıntıları | res. ; tbl. ; pln. |
| Boyutlar | 27 sm. |
| 440 ## - SERİSİ TABLOSU / KATMA GİRİŞİ - BAŞLIK | |
| Başlık | AKDTYK Türk Tarih Kurumu yayınları |
| Hacim / Ardışık Tanımı | VI. dizi-sayı 3 |
| 600 ## - KONU KATMA GİRİŞ - KURUMSAL ADI | |
| Kişisel Ad | Eyice, Semavi |
| Başlıklar Ve Bir Adla İlişkili Diğer Kelimeler | Sanat Tarihçi |
| Bir Adıyla İlişkilendirilen Tarihler | 1922-2018 |
| 610 ## - KONU KATMA GİRİŞ - TOPLANTI ADI | |
| Giriş Elemanı Olarak Kurumsal Ad Veya Yargı Alanı Adı | Türk Tarih Kurumu |
| Genel Alt Bölüm | yayınlar |
| 650 ## - KONU KATMA GİRİŞ - TOPİKAL DÖNEM | |
| Topikal Süreli Veya Coğrafi Ad Giriş Elemanı | Sanat tarihçileri, Türk |
| Genel Alt Bölümü | Bibliyografiler |
| 700 ## - KATMA GİRİŞ - KİŞİSEL İSİM | |
| Kişisel Ad | Doğan, Sema |
| Relator Terim | der. |
| 740 ## - KATMA GİRİŞ - KONTROLSUZ İLGİLİ / ANALİTİK BAŞLIK | |
| Kontrol Edilmeyen / İlgili Analitik Başlıktaki | Türk Tarih Kurumunda yayımlanmış çalışmaları |
| 942 ## - EKLENDİ GİRİŞ ELEMANLARI (KOHA) | |
| Sınıflandırma Veya Raf Düzeni Kaynak | Dewey Decimal Classification |
| Koha Öğesi Türü | Books |
| 999 ## - SİSTEM KONTROL NUMARALARI (KOHA) | |
| Koha Biblionumber | 10776 |
| Koha Biblioitemnumber | 10776 |
| Kalıcı Konum | Mevcut Konum | Edinme Tarihi | Edinim Kaynak | Toplam Check-Out'Lar | Tam Çağrı Numarası | Barkod | Tarih Son Görülme | İtibaren Geçerli Fiyatlar | Koha Öğesi Türü |
|---|---|---|---|---|---|---|---|---|---|
| CHP Kütüphanesi | CHP Kütüphanesi | 09/03/2018 | Bağış | 709.2 S35 2015 | 018352 | 09/03/2018 | 09/03/2018 | Books |
